MARC details
| 000 -LEADER |
| fixed length control field |
01897ngm a2200241 4500 |
| 008 - FIXED-LENGTH DATA ELEMENTS--GENERAL INFORMATION |
| fixed length control field |
s1998 fr fre u |
| 040 ## - CATALOGING SOURCE |
| Original cataloging agency |
LB-BrCRDP |
| 082 1# - DEWEY DECIMAL CLASSIFICATION NUMBER |
| Classification number |
F: DVD |
| Item number |
Oce |
| 100 1# - MAIN ENTRY--PERSONAL NAME |
| Personal name |
Michel, Ocelot |
| 245 10 - TITLE STATEMENT |
| Title |
Kirikou et la sorcière : DVD vidéo |
| Statement of responsibility, etc. |
Michel Ocelot , Antoinette Kellermann, Fezele Mpeka, Kombisile Sangweni, Theo Sebeko, Mabutho 'Kid' Sithole |
| 260 ## - PUBLICATION, DISTRIBUTION, ETC. |
| Place of publication, distribution, etc. |
Paris |
| Name of publisher, distributor, etc. |
France Télévisions Distribution |
| Date of publication, distribution, etc. |
1998-1999 |
| 300 ## - PHYSICAL DESCRIPTION |
| Extent |
Durée : 70 minutes |
| Other physical details |
DVD Zone 2. Pal |
| 490 1# - SERIES STATEMENT |
| Series statement |
Cinéma |
| 520 ## - SUMMARY, ETC. |
| Summary, etc. |
DescriptionLe minuscule Kirikou nait dans un village d'Afrique sur lequel une sorciere, Karaba, a jete un terrible sort: la source est assechee, les villageois ranconnes, les hommes sont kidnappes et disparaissent mysterieusement. "Elle les mange", soutiennent les villageois dans leur hantise. Karaba est une femme superbe et cruelle, entouree de fetiches soumis et redoutables. Mais Kirikou, sitot sorti du ventre de sa mere, veut delivrer le village de son emprise malefique et decouvrir le secret de sa mechancete. SynopsisUne petite voix se fait entendre dans le ventre d'une femme enceinte, Mère, enfante-moi ! Un enfant qui parle dans le ventre de sa mère s'enfante tout seul, répond la mère. Ainsi vient au monde le minuscule Kirikou, dans un village d'Afrique sur lequel une sorcière, Karaba, a jeté un terrible sort. Mais Kirikou, sitôt sorti du ventre de sa mère, veut délivrer le village de son emprise maléfique et découvrir le secret de sa méchanceté. Au travers d'aventures fantastiques, Kirikou arrivera jusqu'à la montagne interdite... |
| 650 4# - SUBJECT ADDED ENTRY--TOPICAL TERM |
| Topical term or geographic name entry element |
dessin animé / film d'animation |
| 700 1# - ADDED ENTRY--PERSONAL NAME |
| Personal name |
Antoinette, Kellermann |
| 700 1# - ADDED ENTRY--PERSONAL NAME |
| Personal name |
Fezele, Mpeka |
| 700 1# - ADDED ENTRY--PERSONAL NAME |
| Personal name |
Kombisile, Sangweni |
| 700 1# - ADDED ENTRY--PERSONAL NAME |
| Personal name |
Theo, Sebeko |
| 830 #0 - SERIES ADDED ENTRY--UNIFORM TITLE |
| Uniform title |
Cinéma |
| Name of part/section of a work |
France Télévision 2 3 |
| 942 ## - ADDED ENTRY ELEMENTS (KOHA) |
| Koha item type |
Visual Materials |